000 00627cam4a220021700 4500
001 qce01700244
005 20190823090413.0
008 740426c19591958ilu 000 0 eng u
035 _a(Sirsi) r98825
035 _a(QCAT)lss00566576
035 _a(UPRA)qce01700244
040 _dUPRA
082 _a189
100 1 _aLeff, Gordon.
_6A57472.1
245 1 0 _aMedieval thought ; St. Augustine to Ockham.
260 _aChicago :
_bQuadrangle Books,
_c[1959, c1958]
500 _aFirst published in 1958.
650 1 0 _aPhilosophy, Medieval.
_6S24139.1
949 _aB721
_wlcc
_i-140853
_mMAIN
_tBOOK
_lON-SHELF
004 98825
999 _c142393
_d142394